Cours d'électrotechnique (Запись № 8425234)

Подробности
000 -МАРКЕР
контрольное поле 01110nam0a22003131 4500
001 - ИДЕНТИФИКАТОР ЗАПИСИ
контрольное поле RU\INFOCOMM_322\NLR\5000086718
005 - ИДЕНТИФИКАТОР ВЕРСИИ
контрольное поле 20250613102933.0
035 ## - ДРУГИЕ СИСТЕМНЫЕ НОМЕРА
Идентификатор записи (NLR Aleph) 009454204
100 ## - ДАННЫЕ ОБЩЕЙ ОБРАБОТКИ
Данные общей обработки 20121204d1968 |||y0rusy50 ca
101 1# - ЯЗЫК РЕСУРСА
Язык текста, звукозаписи и т.д. французский
Язык оригинала русский
102 ## - СТРАНА ПУБЛИКАЦИИ ИЛИ ПРОИЗВОДСТВА
Страна публикации российская федерация
105 ## - ПОЛЕ КОДИРОВАННЫХ ДАННЫХ: ТЕКСТОВЫЕ МАТЕРИАЛЫ, МОНОГРАФИЧЕСКИЕ
Кодированные данные о монографическом текстовом документе y z |||||
200 1# - ЗАГЛАВИЕ И СВЕДЕНИЯ ОБ ОТВЕТСТВЕННОСТИ
Основное заглавие Cours d'électrotechnique
Сведения, относящиеся к заглавию [Trad. du russe ...]
Первые сведения об ответственности A. Kassatkine et M. Pérékaline
210 ## - ПУБЛИКАЦИЯ, РАСПРОСТРАНЕНИЕ И ДР.
Место издания, распространения и т.д. M.
Имя издателя, распространителя и т. д. "Mir"
Дата издания, распространения и т.д. [1968]
215 ## - ФИЗИЧЕСКАЯ ХАРАКТЕРИСТИКА
Специфическое обозначение материала и объем 681 с.
Другие сведения о физической характеристике ил.
Размеры 22 см
225 1# - СЕРИЯ
Основное заглавие серии ˆ[‰Éditions de Moscou]
Наименование части Technique soviétique
300 ## - ОБЩИЕ ПРИМЕЧАНИЯ
Текст примечания Доп. тит. л. на рус. яз.: А. С. Касаткин и М. А. Перекалин. Электротехника
620 ## - МЕСТО И ДАТА ПУБЛИКАЦИИ, ИСПОЛНЕНИЯ И Т. Д.
Страна Москва
686 ## - ИНДЕКСЫ ДРУГИХ КЛАССИФИКАЦИЙ
Индекс Тэ-0(32)
Код системы
700 #1 - ИМЯ ЛИЦА - ПЕРВИЧНАЯ ОТВЕТСТВЕННОСТЬ
Системный номер авторитетной/нормативной записи z01790
Начальный элемент ввода Kasatkin
Часть имени, кроме начального элемента ввода A. S.
Даты 1899-1974
Расширение инициалов личного имени Aleksandr Sergeevič
701 #1 - ИМЯ ЛИЦА - АЛЬТЕРНАТИВНАЯ ОТВЕТСТВЕННОСТЬ
Системный номер авторитетной/нормативной записи z02790
Начальный элемент ввода Perekalin
Часть имени, кроме начального элемента ввода M. A.
Расширение инициалов личного имени Michail Aleksandrovič
790 #1 - ИМЯ ЛИЦА - АЛЬТЕРНАТИВНАЯ ФОРМА
Системный номер авторитетной/нормативной записи z01700
Начальный элемент ввода Kassatkine
Часть имени, кроме начального элемента ввода A.
Код отношения Автор
790 #1 - ИМЯ ЛИЦА - АЛЬТЕРНАТИВНАЯ ФОРМА
Системный номер авторитетной/нормативной записи z02701
Начальный элемент ввода Pérékaline
Часть имени, кроме начального элемента ввода M.
Код отношения Автор
801 #1 - ИСТОЧНИК ЗАПИСИ
Страна российская федерация
Организация NLR
Дата составления 20121204
801 #0 - ИСТОЧНИК ЗАПИСИ
Страна российская федерация
Организация INFOCOMM
Правила каталогизации PSBO
852 ## - МЕСТОНАХОЖДЕНИЕ И ШИФР ХРАНЕНИЯ
Идентификатор организации NLR
Шифр хранения (Call Number) Т21 Д-5/5
942 ## - ДОПОЛНИТЕЛЬНЫЕ ЭЛЕМЕНТЫ ЗАПИСИ (АБИС)
Тип экземпляра АБИС Книга
980 ## - КОЛЛЕКЦИЯ
Название коллекции Национальная библиография
Экземпляры
Тип экземпляра Дата поступления Библиотека постоянного хранения Библиотека текущего хранения Место хранения Шифр хранения Штрих-код Статус не для выдачи
Книга 26.10.2013 РНБ (Московский) РНБ (Московский) Иностранный книжный фонд Т21 Д-5/5 9454204-10